00479nam a2200121 a 4500008004100000050002500041110006700066245012400133260003800257300000900295350000900304650004400313150520s1980 ||||||||||||||||| || u aGOV.ZAM(058)DNR/1980 aGovernment of the Republic of Zambia. Ministry of Home Affairs10aMinistry of home affairs department of national registration annual report 1978cBy Department of National Registration aLusaka:bGovernment Printerc1980 a17p. a0.00 aMINISTRY OF HOME AFFAIRS--ANNUAL REPORT